| 000 | 00789nam a2200229 c 4500 | ||
|---|---|---|---|
| 001 | 000033528 | ||
| 003 | DO-SdBNP | ||
| 005 | 20250827100253.0 | ||
| 007 | ta | ||
| 008 | 110831s1947 dr n 000 0 spa d | ||
| 040 |
_aDO-SdBNP _bspa _cBNPHU _erda |
||
| 041 | _hspa | ||
| 110 | 1 |
_aOficina de Canje y Difusión Cultural _982211 |
|
| 222 | _aAnuario | ||
| 245 | 0 | 0 |
_aAnuario bibliográfico dominicano 1946 / _cOficina de Canje y Difusión Cultural |
| 260 |
_aCiudad Trujillo, República Dominicana : _bLuis Sánchez Andujar, _c1947. |
||
| 300 |
_a183 p. : ; _c23 cm. |
||
| 500 | _aAdscrita a la división jurídica y de cooperación intelectual de la secretaria de estado de Relaciones Exteriores. | ||
| 590 | _aInventariado, 2022/ YL | ||
| 910 | _aYLockward. | ||
| 942 |
_2ddc _cLBS1 |
||
| 999 |
_c33019 _d33019 |
||